000 00851nam a2200217Ii 4500
003 JO-AjNU
008 230605s9999||||xx |||||||||||||| ||und||
017 _a2010/11/4222
020 _a978-9957-492-95-3
040 _aJO-AjNU
_bara
_erda
_cJO-AjNU
041 _aara
050 1 4 _aLB1055.2011
100 3 _aالشراري،خالد جويس,
_eauthor
_930380
245 0 0 _aالمشكلات التربوية التي تواجه إقتطاب العملية التربوية
264 3 1 _aإربد:دارالكتاب الثقافي،2011/إربد:دار المتنبي،2011
300 _a186ص
336 _atext
_btxt
_2rdacontent
337 _aunmediated
_bn
_2rdamedia
338 _avolume
_bnc
_2rdacarrier
650 4 _aالمدارس-تنظيم وإدارة. علم النفس التربوي-التوجيه الفني التربوي.
_930381
999 _aA12035
_c15603
_d15603